LEADER 00982nam--2200313---450 001 990005880920203316 005 20210201151611.0 010 $a0-521-59583-5 035 $a000588092 035 $aUSA01000588092 035 $a(ALEPH)000588092USA01 100 $a20130903d1995----km y1itay5003----ba 101 0 $aeng 102 $aUS 200 1 $a<>American economy$ethe struggle for supremacy in the 21st century$fNicolas Spulber 210 $aCambridge$cCambridge University Press$dc1995 215 $aXVII, 286 p.$d24 cm 225 2 $aCambridge studies in economic policies and institutions 410 0$1001$12001$aCambridge studies in economic policies and institutions 606 0 $aSviluppo economico$2BNCF 676 $a338.973 700 1$aSPULBER,$bNicolas$050707 801 0$aIT$bsalbc$gISBD 912 $a990005880920203316 951 $a300 338.973 SPU$b8167 DISES 959 $aBK 969 $aDISES 996 $aAmerican economy$9696549 997 $aUNISA